Online
Catalog

Reunion de espejos / (Record no. 8245)

MARC details
000 -CABECERA
campo de control de longitud fija 00529cam a22001697a 4500
001 - NÚMERO DE CONTROL
campo de control 000008474
005 - FECHA Y HORA DE LA ÚLTIMA TRANSACCIÓN
campo de control 20200929161340.0
008 - DATOS DE LONGITUD FIJA--INFORMACIÓN GENERAL
campo de control de longitud fija 840604s1983 pr a 000 0 spa
010 ## - NÚMERO DE CONTROL DE LA BIBLIOTECA DEL CONGRESO
Número de control de LC 83463131
040 ## - FUENTE DE LA CATALOGACIÓN
Centro catalogador/agencia de origen DO-SdBNP
Centro/agencia transcriptor DLC
Centro/agencia modificador DLC
050 00 - SIGNATURA TOPOGRÁFICA DE LA BIBLIOTECA DEL CONGRESO
Número de clasificación MLCS 84/6607 (P)
245 00 - MENCIÓN DE TÍTULO
Título Reunion de espejos /
Mención de responsabilidad, etc. seleccion, prologo y notas, Jose Luis Vega.
260 ## - PUBLICACIÓN, DISTRIBUCIÓN, ETC.
Lugar de publicación, distribución, etc. Rio Piedras, P.R. :
Nombre del editor, distribuidor, etc. Editorial Cultural,
Fecha de publicación, distribución, etc. c1983.
300 ## - DESCRIPCIÓN FÍSICA
Extensión 303 p. :
Otras características físicas ill. ;
Dimensiones 21 cm.
700 1# - PUNTO DE ACCESO ADICIONAL--NOMBRE DE PERSONA
Nombre de persona Vega, Jose Luis,
Fechas asociadas al nombre 1948-
9 (RLIN) 9721
910 ## - DATOS DE OPCIÓN DEL USUARIO (OCLC)
Datos de opción del usuario Catalogación original noche
Holdings
Estado de retiro Estado de pérdida Restricciones de uso No para préstamo Código de colección Localización permanente Ubicación/localización actual Ubicación en estantería Fecha de adquisición Número de inventario Total de préstamos Signatura topográfica completa Código de barras Fecha visto por última vez Precio válido a partir de Tipo de ítem Koha
    Préstamo interno   Monografías: Libros y Folletos General General En catalogación 16.09.2009 LF1   8474-10 25.06.2020 25.06.2020 Préstamo interno

Powered by Koha